Lửa hoàng cung Tuyển tập truyện ngắn

v.v..

Đã lưu trong:
Chi tiết thư mục
Tác giả chính: Trần Thuỳ Mai
Định dạng: Sách
Năm xuất bản: Tp. Hồ Chí Minh Văn nghệ 2007
Chủ đề:
Tags: Thêm thẻ
Không có thẻ, Hãy là người đầu tiên gắn thẻ bản ghi này!
LEADER 01112nam a2200205 4500
082 |a 895.92234  |b TR120TH 
100 |a Trần Thuỳ Mai 
245 |a Lửa hoàng cung   |c Trần Thuỳ Mai  |b Tuyển tập truyện ngắn 
260 |a Tp. Hồ Chí Minh  |b Văn nghệ  |c 2007 
300 |a 343 tr.  |c 21 cm. 
520 |a v.v.. 
653 |a Văn học hiện đại 
653 |a Việt Nam 
653 |a Truyện ngắn  
942 |2 ddc  |c STK0 
999 |c 4740  |d 4740 
952 |0 0  |1 0  |2 ddc  |4 0  |6 895_922340000000000_TR120TH  |7 0  |8 800  |9 44811  |a qbu  |b qbu  |c D5  |d 2014-12-20  |g 56000  |o 895.92234 TR120TH  |p 791.c1  |r 0000-00-00  |w 2014-12-20  |y STK0 
952 |0 0  |1 0  |2 ddc  |4 0  |6 895_922340000000000_TR120TH  |7 0  |8 800  |9 44812  |a qbu  |b qbu  |c D5  |d 2014-12-20  |g 56000  |l 2  |m 1  |o 895.92234 TR120TH  |p 791.c2  |r 2017-02-13  |s 2017-02-10  |w 2014-12-20  |y STK0 
952 |0 0  |1 0  |2 ddc  |4 0  |6 895_922340000000000_TR120TH  |7 0  |8 800  |9 44813  |a qbu  |b qbu  |c D5  |d 2014-12-20  |g 56000  |o 895.92234 TR120TH  |p 791.c3  |r 0000-00-00  |w 2014-12-20  |y STK0 
952 |0 0  |1 0  |2 ddc  |4 0  |6 895_922340000000000_TR120TH  |7 0  |8 800  |9 44814  |a qbu  |b qbu  |c D5  |d 2014-12-20  |g 56000  |o 895.92234 TR120TH  |p 791.c4  |r 2017-02-06  |w 2014-12-20  |y STK0